Flow in centrifugal compressors : January 19-23, 1987 /

Bibliographic Details
Other Authors: Braembussche, R. van den
Format: Book
Language:English
Published: Rhode Saint Genèse, Belgium : Von Karman Institute for Fluid Dynamics, 1987.
Series:Lecture series (Von Karman Institute for Fluid Dynamics) ; 1987-01.
Subjects:

MARC

Tag First Indicator Second Indicator Subfields
LEADER 00000cam a2200000 a 4500
001 in00000008642
005 20151003080013.0
008 870806s1987 be a b 10000 eng d
035 |a (OCoLC)16395779 
035 |9 AAA1040AM 
040 |a VPI  |c VPI  |d TXA  |d UtOrBLW 
050 4 |a TJ919  |b .F56 1987 
245 0 0 |a Flow in centrifugal compressors :  |b January 19-23, 1987 /  |c lecture series director, R. Van den Braembussche. 
264 1 |a Rhode Saint Genèse, Belgium :  |b Von Karman Institute for Fluid Dynamics,  |c 1987. 
300 |a 1 volume (various pagings) :  |b illustrations ;  |c 29 cm. 
336 |a text  |b txt  |2 rdacontent 
337 |a unmediated  |b n  |2 rdamedia 
338 |a volume  |b nc  |2 rdacarrier 
490 1 |a Lecture series / Von Karman Institute for Fluid Dynamics,  |x 0377-8312 ;  |v 1987-01 
504 |a Includes bibliographical references. 
650 0 |a Centrifugal pumps  |x Fluid dynamics  |x Congresses. 
650 0 |a Fluid dynamics  |v Congresses. 
700 1 |a Braembussche, R. van den. 
830 0 |a Lecture series (Von Karman Institute for Fluid Dynamics) ;  |v 1987-01. 
999 |a MARS 
999 f f |s ac7fdfdb-7be2-3a60-8a99-445e72534b37  |i 03827039-055c-39a8-b33b-4872ec4b0dce  |t 0 
952 f f |p normal  |a Texas A&M University  |b College Station  |c Sterling C. Evans Library  |d Evans: Library Stacks  |t 0  |e TJ919 .F56 1987  |h Library of Congress classification  |i unmediated -- volume  |m A14812617357 
998 f f |a TJ919 .F56 1987  |t 0  |l Evans: Library Stacks